
Library Catalogue

| 000 -LEADER | |
|---|---|
| fixed length control field | 01248cam a2200241 i 4500 |
| 001 - CONTROL NUMBER | |
| control field | 18762727 |
| 005 - DATE AND TIME OF LATEST TRANSACTION | |
| control field | 20260121044040.0 |
| 008 - FIXED-LENGTH DATA ELEMENTS--GENERAL INFORMATION | |
| fixed length control field | 150826s2016 cau b 001 0 eng c |
| 010 ## - LIBRARY OF CONGRESS CONTROL NUMBER | |
| LC control number | 2015033514 |
| 020 ## - INTERNATIONAL STANDARD BOOK NUMBER | |
| International Standard Book Number | 9780804798006 |
| Qualifying information | (pbk.) |
| 082 ## - DEWEY DECIMAL CLASSIFICATION NUMBER | |
| Classification number | 342.730853 BAT |
| 100 1# - MAIN ENTRY--PERSONAL NAME | |
| Personal name | Batchis, Wayne |
| 245 14 - TITLE STATEMENT | |
| Title | The right's First Amendment : |
| Remainder of title | the politics of free speech & the return of conservative libertarianism / |
| Statement of responsibility, etc. | Wayne Batchis |
| 264 #1 - PRODUCTION, PUBLICATION, DISTRIBUTION, MANUFACTURE, AND COPYRIGHT NOTICE | |
| Place of production, publication, distribution, manufacture | Stanford : |
| Name of producer, publisher, distributor, manufacturer | Stanford University Press, |
| Date of production, publication, distribution, manufacture, or copyright notice | 2016. |
| 300 ## - PHYSICAL DESCRIPTION | |
| Extent | xiv, 281 p. ; |
| Dimensions | 24 cm. |
| 490 1# - SERIES STATEMENT | |
| Series statement | Stanford studies in law and politics |
| 505 0# - FORMATTED CONTENTS NOTE | |
| Formatted contents note | Introduction : the right's First Amendment -- Conservatism, the First Amendment, and National Review -- The political science of judicial decision making -- Political correctness and the rise of the conservative victim -- The courts and the political correctness indictment -- The rise of free-market conservatism -- Commercial speech in the modern era -- Citizens United and the paradox of associational speech. |
| 610 10 - SUBJECT ADDED ENTRY--CORPORATE NAME | |
| Corporate name or jurisdiction name as entry element | United States. |
| Title of a work | Constitution. |
| Number of part/section/meeting | 1st Amendment. |
| 650 #0 - SUBJECT ADDED ENTRY--TOPICAL TERM | |
| Topical term or geographic name entry element | Freedom of speech |
| Geographic subdivision | United States. |
| 650 #0 - SUBJECT ADDED ENTRY--TOPICAL TERM | |
| Topical term or geographic name entry element | Political correctness |
| Geographic subdivision | United States. |
| 650 #0 - SUBJECT ADDED ENTRY--TOPICAL TERM | |
| Topical term or geographic name entry element | Constitutional law |
| Geographic subdivision | United States. |
| 942 ## - ADDED ENTRY ELEMENTS (KOHA) | |
| Source of classification or shelving scheme | Dewey Decimal Classification |
| Koha item type | BOOKs |
| Withdrawn status | Lost status | Damaged status | Not for loan | Collection code | Home library | Current library | Shelving location | Date acquired | Cost, normal purchase price | Total Checkouts | Full call number | Barcode | Date last seen | Price effective from | Koha item type |
|---|---|---|---|---|---|---|---|---|---|---|---|---|---|---|---|
| . | . | 05.11.2018 | 0.00 | 342.730853 BAT | 35301 | 05.11.2018 | 05.11.2018 | BOOKs |